| 000 | 01406nam0a2200337 4500 | ||
|---|---|---|---|
| 001 | RU\NLR\bibl\99513 | ||
| 005 | 20260406155817.0 | ||
| 010 |
_a5-220-00290-2 _95000 |
||
| 021 |
_aRU _b2000-11812 _9583 |
||
| 035 | _a(NLR Aleph) 000097291 | ||
| 090 |
_a548088 _c548088 |
||
| 100 | _a20000721d2000 |||y0rusy50 ca | ||
| 101 | 1 |
_arus _ceng |
|
| 102 | _aRU | ||
| 105 | _aa ||||||||| | ||
| 200 | 1 |
_aНейгун _eИскусство омоложения организма _fМантэк Чиа, Мэниван Чиа _g[Пер. с англ. В. Ижакевич и др.] |
|
| 210 |
_aКиев _cСофия _d2000 |
||
| 215 |
_a312 с. _cил., портр. _d20 |
||
| 300 | _aЗагл. и авт. ориг.: Bone marrow Nei Kung / Mantak Chia, Maneewan Chia | ||
| 454 | 0 |
_12001#$aBone marrow Nei Kung$fMantak Chia, Maneewan Chia _tBone marrow Nei Kung |
|
| 606 | 0 |
_aНейгун _jПопулярная литература _92120146 _3RU\NLR\auth\661280341 |
|
| 606 | 0 |
_aНейгун _jПопулярные издания _92120146 _3RU\NLR\auth\661280341 |
|
| 686 | _aР359.11я9 | ||
| 700 | 1 |
_4070 _8rus _7ca _aЧиа _bМ. _f1944- _gМантэк _3RU\NLR\auth\777960 _9117882 |
|
| 701 | 1 |
_4070 _8rus _7ca _aЧиа _bМ. _gМэниван _3RU\NLR\auth\777961 _9117883 |
|
| 801 | 0 |
_aRU _bNLR _c20000721 _gPSBO |
|
| 801 | 1 |
_aRU _bNLR _c20000721 |
|
| 852 |
_aNLR _j2000-3/6656 |
||
| 942 | _cBOOK | ||
| 980 | _aNB | ||